000 00272nam a2200109Ia 4500
008 200302s9999 xx 000 0 und d
100 _aLucinda Becker and Others
245 _aPublishing journal articles
260 _bSage Publications Inc.
260 _c2012
300 _a141
999 _c7436
_d7436